Jacobean tragedies; (Record no. 19248)
[ view plain ]
| 000 -LEADER | |
|---|---|
| fixed length control field | 01069cam a2200289 4500 |
| 001 - CONTROL NUMBER | |
| control field | 3169816 |
| 005 - DATE AND TIME OF LATEST TRANSACTION | |
| control field | 20170116080934.0 |
| 008 - FIXED-LENGTH DATA ELEMENTS--GENERAL INFORMATION | |
| fixed length control field | 700714s1969 enkh b 000 0 eng |
| 010 ## - LIBRARY OF CONGRESS CONTROL NUMBER | |
| LC control number | 75479376 |
| 015 ## - NATIONAL BIBLIOGRAPHY NUMBER | |
| National bibliography number | B69-22281 |
| 020 ## - INTERNATIONAL STANDARD BOOK NUMBER | |
| International Standard Book Number | 0192810596 |
| 050 00 - LIBRARY OF CONGRESS CALL NUMBER | |
| Classification number | PR1263 .G6 1969 |
| 082 00 - DEWEY DECIMAL CLASSIFICATION NUMBER | |
| Classification number | 822/.3/08 |
| 100 1# - MAIN ENTRY--PERSONAL NAME | |
| Personal name | Gomme, A. H. |
| Fuller form of name | (Austin Harvey), |
| Dates associated with a name | 1930-2008, |
| Relator term | comp. |
| 245 10 - TITLE STATEMENT | |
| Title | Jacobean tragedies; |
| Statement of responsibility, etc. | edited with an introduction by A. H. Gomme. |
| 260 ## - PUBLICATION, DISTRIBUTION, ETC. (IMPRINT) | |
| Place of publication, distribution, etc. | London, |
| -- | New York, |
| Name of publisher, distributor, etc. | Oxford U.P., |
| Date of publication, distribution, etc. | 1969. |
| 300 ## - PHYSICAL DESCRIPTION | |
| Extent | xvi, 398 p. |
| Other physical details | 5 facsims. |
| Dimensions | 21 cm. |
| 350 ## - PRICE (NR) (BK AM CF MU VM SE) [OBSOLETE] | |
| Price | 13/- |
| 490 0# - SERIES STATEMENT | |
| Series statement | Oxford paperbacks, 180 |
| 504 ## - BIBLIOGRAPHY, ETC. NOTE | |
| Bibliography, etc | Bibliography: p. xvi. |
| 505 0# - FORMATTED CONTENTS NOTE | |
| Formatted contents note | The malcontent, by J. Marston.--The revenger's tragedy. The atheist's tragedy, by C. Tourneur.--The changeling, by T. Middleton and W. Romley.--Women beware women, by T. Middleton. |
| 650 #0 - SUBJECT ADDED ENTRY--TOPICAL TERM | |
| Topical term or geographic name as entry element | English drama |
| Chronological subdivision | 17th century. |
| 650 #0 - SUBJECT ADDED ENTRY--TOPICAL TERM | |
| Topical term or geographic name as entry element | English drama (Tragedy) |
| 942 ## - ADDED ENTRY ELEMENTS (KOHA) | |
| Source of classification or shelving scheme | |
| Koha item type | Hard Covered Materials |
| Withdrawn status | Lost status | Source of classification or shelving scheme | Damaged status | Not for loan | Home library | Current library | Shelving location | Date acquired | Source of acquisition | Total Checkouts | Full call number | Barcode | Date last seen | Price effective from | Koha item type |
|---|---|---|---|---|---|---|---|---|---|---|---|---|---|---|---|
| MACHAKOS UNIVERSITY LIBRARY | MACHAKOS UNIVERSITY LIBRARY | Technical section | 16/01/2017 | Donation(BFA) | PR1263 .G6 1969 | 29659 | 18/07/2018 | 16/01/2017 | Hard Covered Materials |